Hey busy man : (Record no. 128964)

MARC details
000 -LEADER
fixed length control field 00735nam a22002417a 4500
003 - CONTROL NUMBER IDENTIFIER
control field dpl
005 - DATE AND TIME OF LATEST TRANSACTION
control field 20180606150905.0
008 - FIXED-LENGTH DATA ELEMENTS--GENERAL INFORMATION
fixed length control field 180606b xxu||||| |||| 00| 0 eng d
010 ## - LIBRARY OF CONGRESS CONTROL NUMBER
LC control number A-825607
020 ## - INTERNATIONAL STANDARD BOOK NUMBER
Terms of availability 00.00
International Standard Book Number 8185989087
035 ## - SYSTEM CONTROL NUMBER
System control number A-825607, A-895609
037 ## - SOURCE OF ACQUISITION
Source of stock number/acquisition Cen Lib/Ret
040 ## - CATALOGING SOURCE
Original cataloging agency DPL
Language of cataloging EN
Transcribing agency 0
082 ## - DEWEY DECIMAL CLASSIFICATION NUMBER
Classification number 613
Item number AGA
100 ## - MAIN ENTRY--PERSONAL NAME
Personal name Agarwal, Avinash Chandra
9 (RLIN) 24959
245 ## - TITLE STATEMENT
Title Hey busy man :
Statement of responsibility, etc by Avinash Chandra Agarwal
Remainder of title wait a minute /
260 ## - PUBLICATION, DISTRIBUTION, ETC. (IMPRINT)
Name of publisher, distributor, etc Galgotia Publishing
Date of publication, distribution, etc 1997
Place of publication, distribution, etc New Delhi
270 ## - ADDRESS
Address 6 A/4 WEA, Karol Bagh
City New Delhi
Postal code 110005
300 ## - PHYSICAL DESCRIPTION
Extent viii,187p.
Dimensions 22cm(Hb)
650 ## - SUBJECT ADDED ENTRY--TOPICAL TERM
Topical term or geographic name as entry element Diseases
9 (RLIN) 14215
650 ## - SUBJECT ADDED ENTRY--TOPICAL TERM
Topical term or geographic name as entry element Personality development
9 (RLIN) 24960
942 ## - ADDED ENTRY ELEMENTS (KOHA)
Source of classification or shelving scheme Dewey Decimal Classification
Koha item type English Books
Classification part 613
Call number suffix AGA
Holdings
Withdrawn status Lost status Damaged status Not for loan Home library Current library Date acquired Source of acquisition Cost, normal purchase price Total Checkouts Full call number Barcode Date last seen Copy number Cost, replacement price Price effective from Koha item type Source of classification or shelving scheme Collection code Date checked out
Withdrawn       Central Library Central Library 04/07/2015 Cen Lib/Ret 0.00   613 AGA A-825607 04/07/2015 1 0.00 04/07/2015 English Books      
        Shahdara Branch Shahdara Branch 06/06/2018 BPPD/PUB 0.00 1 613 AGA A-895609 13/03/2019   0.00 06/06/2018 English Books Dewey Decimal Classification Non-fiction 24/02/2019

© Delhi Public Library
Hit Counter
free hit counter